ALL Lana Del Rey Songs (Including Unreleased) - Statistics

General Stats
  • This quiz has been taken 30 times
    28 since last reset
  • The average score is 186 of 430
Answer Stats
Album Track # Answer % Correct
Born to Die 1 Born to Die
100%
Ultraviolence 4 Brooklyn Baby
100%
Born to Die 6 National Anthem
100%
Born to Die 10 Million Dollar Man
100%
Ultraviolence 2 Ultraviolence
100%
Ultraviolence (Deluxe) 12 Black Beauty
93%
Blue Banisters 2 Blue Banisters
93%
Born to Die 9 Carmen
93%
Chemtrails Over the Country Club 2 Chemtrails Over the Country Club
93%
Norman Fucking Rockwell! 5 Doin' Time
93%
Did you know that there's a tunnel under Ocean Blvd 13 Margaret (feat. Bleachers)
93%
Norman Fucking Rockwell! 1 Norman fucking Rockwell
93%
Ultraviolence 7 Pretty When You Cry
93%
Honeymoon 10 Salvatore
93%
Ultraviolence 5 West Coast
93%
Honeymoon 7 Art Deco
87%
Paradise 4 Body Electric
87%
Norman Fucking Rockwell! 7 Cinnamon Girl
87%
Lust for Life 3 13 Beaches
87%
Ultraviolence (Deluxe) 14 Florida Kilos
87%
Ultraviolence (Deluxe) 13 Guns and Roses
87%
Norman Fucking Rockwell! 14 hope is a dangerous thing for a woman like me to have - but I have it
87%
Born to Die (Deluxe) 14 Lolita
87%
Lust for Life 1 Love
87%
Lust for Life 2 Lust for Life (feat. The Weeknd)
87%
Born to Die 2 Off to the Races
87%
Ultraviolence 10 Old Money
87%
Paradise 1 Ride
87%
Ultraviolence 3 Shades of Cool
87%
Ultraviolence 11 The Other Woman
87%
Born to Die 12 This Is What Makes Us Girls
87%
Chemtrails Over the Country Club 1 White Dress
87%
Paradise 2 American
80%
Blue Banisters 3 Arcadia
80%
Did you know that there's a tunnel under Ocean Blvd 4 A&W
80%
Paradise 8 Bel Air
80%
Born to Die 3 Blue Jeans
80%
Lust for Life 4 Cherry
80%
Demo March 2009 13 Cherry (You're Gonna Love Me)
80%
Paradise 3 Cola
80%
Did you know that there's a tunnel under Ocean Blvd 2 Did you know that there's a tunnel under Ocean Blvd
80%
Born to Die 5 Diet Mountain Dew
80%
Lust for Life 6 Summer Bummer (feat. A$AP Rocky & Playboi Carti)
80%
Honeymoon 6 Freak
80%
Norman Fucking Rockwell! 4 Fuck it I love you
80%
Honeymoon 5 High By the Beach
80%
Honeymoon 1 Honeymoon
80%
Did you know that there's a tunnel under Ocean Blvd 12 Let The Light In (feat. Father John Misty)
80%
Born to Die (Deluxe) 15 Lucky Ones
80%
Norman Fucking Rockwell! 2 Mariners Apartment Complex
80%
No Kung Fu 6 Put Me In A Movie
80%
Lana Del Ray A.K.A. Lizzy Grant 11 Put Me in a Movie
80%
Ultraviolence 6 Sad Girl
80%
Honeymoon 13 Swan Song
80%
Blue Banisters 1 Text Book
80%
Norman Fucking Rockwell! 3 Venice Bitch
80%
Born to Die 4 Video Games
80%
Blue Banisters 8 Violets for Roses
80%
No Kung Fu 7 Yayo
80%
Lana Del Ray A.K.A. Lizzy Grant 13 Yayo
80%
Paradise 7 Yayo
80%
Unreleased 2013 - Present Your Girl
80%
Honeymoon 12 24
73%
Norman Fucking Rockwell! 12 Bartender
73%
Did you know that there's a tunnel under Ocean Blvd 6 Candy Necklace (feat. Jon Batiste)
73%
Ultraviolence 1 Cruel World
73%
Chemtrails Over the Country Club 6 Dark But Just a Game
73%
Born to Die 7 Dark Paradise
73%
Ultraviolence 8 Money Power Glory
73%
Unreleased 2005 - 2009 Every Man Gets His Wish
73%
Ultraviolence (Japanese iTunes Exclusive) 16 Flipside
73%
Ultraviolence 9 Fucked My Way Up To the Top
73%
Lust for Life 10 God Bless America - And All the Beautiful Women In It
73%
Unreleased 2010 Go Go Dancer
73%
Lust for Life 7 Groupie Love (feat. A$AP Rocky)
73%
Lust for Life 14 Heroin
73%
Norman Fucking Rockwell! 6 Love song
73%
Honeymoon 2 Music To Watch Boys To
73%
Born to Die 8 Radio
73%
Born to Die 11 Summertime Sadness
73%
Singles 2020 Summertime The Gershwin Version
73%
Did you know that there's a tunnel under Ocean Blvd 3 Sweet
73%
Did you know that there's a tunnel under Ocean Blvd 16 Taco Truck x VB
73%
Honeymoon 3 Terrence Loves You
73%
Honeymoon 11 The Blackest Day
73%
Did you know that there's a tunnel under Ocean Blvd 1 The Grants
73%
Norman Fucking Rockwell! 11 The greatest
73%
Norman Fucking Rockwell! 10 The Next Best American Record
73%
Unreleased 2005 - 2009 Trash Magic
73%
Demo March 2009 17 Trash Magic #3
73%
Chemtrails Over the Country Club 3 Tulsa Jesus Freak
73%
Lust for Life 11 When the World Was at War We Kept Dancing
73%
Lust for Life 5 White Mustang
73%
Born to Die (Deluxe) 13 Without You
73%
Blue Banisters 5 Black Bathing Suit
67%
LDR10 2025 Bluebird
67%
Paradise 5 Blue Velvet
67%
Lust for Life 15 Change
67%
Blue Banisters 14 Cherry Blossom
67%
Lust for Life 9 Coachella - Woodstock In My Mind
67%
Blue Banisters 9 Dealer
67%
From the End 9 Drive By (For K)
67%
Sirens 1 Drive By (For K Part 1)
67%
Did you know that there's a tunnel under Ocean Blvd 14 Fishtail
67%
Chemtrails Over the Country Club 11 For Free (feat. Zella Day & Weyes Blood)
67%
Lana Del Ray A.K.A. Lizzy Grant 5 For K Part 2
67%
Honeymoon 4 God Knows I Tried
67%
Paradise 6 Gods & Monsters
67%
Did you know that there's a tunnel under Ocean Blvd 11 Grandfather please stand on the shoulders of my father while he's deep-sea fishing (feat. RIOPY)
67%
Norman Fucking Rockwell! 13 Happiness is a butterfly
67%
Norman Fucking Rockwell! 8 How to disappear
67%
Blue Banisters 6 If You Lie Down With Me
67%
Lust for Life 8 In My Feelings
67%
Lana Del Ray A.K.A. Lizzy Grant 1 Kill Kill
67%
Chemtrails Over the Country Club 4 Let Me Love You Like a Woman
67%
Unreleased 2010 Meet Me in the Pale Moonlight
67%
Did you know that there's a tunnel under Ocean Blvd 15 Peppers (feat. Tommy Genesis)
67%
Unreleased 2010 Playing Dangerous
67%
Lana Del Ray A.K.A. Lizzy Grant 2 Queen of the Gas Station
67%
Honeymoon 9 Religion
67%
Singles 2023 Say Yes To Heaven
67%
Blue Banisters 10 Thunder
67%
Blue Banisters 7 Beautiful
60%
Unreleased 2005 - 2009 Boarding School
60%
Paradise 9 Burning Desire
60%
Norman Fucking Rockwell! 9 California
60%
Unreleased 2013 - Present California
60%
Unreleased 2010 Dangerous Girl
60%
Honeymoon 14 Don't Let Me Be Misunderstood
60%
Unreleased 2005 - 2009 Hundred Dollar Bill
60%
Unreleased 2010 Driving In Cars With Boys
60%
Lust for Life 16 Get Free
60%
Ultraviolence (Apple Music Exclusive) 15 Is This Happiness
60%
Unreleased 2010 Jealous Girl
60%
Did you know that there's a tunnel under Ocean Blvd 5 Judah Smith Interlude
60%
No Kung Fu 5 Mermaid Motel
60%
Lana Del Ray A.K.A. Lizzy Grant 7 Mermaid Motel
60%
Unreleased 2010 Party Girl (St. Tropez)
60%
Unreleased 2011 - 2012 Queen of Disaster
60%
Lana Del Ray A.K.A. Lizzy Grant 12 Smarty
60%
Lust for Life 13 Tomorrow Never Came (feat. Sean Ono Lennon)
60%
Unreleased 2010 Velvet Crowbar
60%
Blue Banisters 11 Wildflower Wildfire
60%
Chemtrails Over the Country Club 8 Yosemite
60%
Unreleased 2010 You Can Be The Boss
60%
Soundtrack 2013 Young and Beautiful ("The Great Gatsby")
60%
Unreleased 2010 BBM Baby
53%
Lust for Life 12 Beautiful People Beautiful Problems (feat. Stevie Nicks)
53%
Unreleased 2010 Be My Daddy
53%
Chemtrails Over the Country Club 10 Dance Till We Die
53%
Unreleased 2013 - Present Fine China
53%
Did you know that there's a tunnel under Ocean Blvd 9 Fingertips
53%
Lana Del Ray A.K.A. Lizzy Grant 4 Gramma (Blue Ribbon Sparkler Trailer Heaven)
53%
LDR10 2025 Henry, come on
53%
Unreleased 2010 Is It Wrong?
53%
Unreleased 2013 - Present I Talk to Jesus
53%
Demo (Hint: Born to Die Track 6) - I Want It All (National Anthem)
53%
Did you know that there's a tunnel under Ocean Blvd 7 Jon Batiste Interlude
53%
Did you know that there's a tunnel under Ocean Blvd 8 Kintsugi
53%
Blue Banisters 13 Living Legend
53%
Chemtrails Over the Country Club 7 Not All Who Wander Are Lost
53%
Did you know that there's a tunnel under Ocean Blvd 10 Paris, Texas (feat. SYML)
53%
Unreleased 2010 Party Girl
53%
Lana Del Ray A.K.A. Lizzy Grant 9 Pawn Shop Blues
53%
The Phenomena of Lizzy Grant 3 Pawn Shop Blues (Bread & Oranges)
53%
Unreleased 2011 - 2012 Serial Killer
53%
Features / Collabs 2016 Stargirl Interlude (with The Weeknd)
53%
Covers (Hint: on her YouTube) 2013 Summer Wine (feat. Barrie James O'Neill)
53%
Blue Banisters 15 Sweet Carolina
53%
Unreleased 2005 - 2009 1949
47%
Unreleased 2011 - 2012 Ave Maria
47%
From the End 10 Aviation
47%
Unreleased 2011 - 2012 Back to the Basics
47%
Unreleased 2011 - 2012 Big Bad Wolf
47%
Soundtrack 2014 Big Eyes ("Big Eyes")
47%
Chemtrails Over the Country Club 9 Breaking Up Slowly (feat. Nikki Lane)
47%
Unreleased 2010 Break My Fall
47%
No Kung Fu 1 Brite Lites
47%
Lana Del Ray A.K.A. Lizzy Grant 10 Brite Lites
47%
Honeymoon 8 Burnt Norton (Interlude)
47%
Unreleased 2013 - Present Cry Kill Die
47%
Unreleased 2011 - 2012 Hollywood
47%
Unreleased 2011 - 2012 Hollywood's Dead
47%
Demo (Hint: Ultraviolence Alternate Title) - Melancholia (Ultraviolence)
47%
Blue Banisters 12 Nectar of the Gods
47%
Soundtrack 2014 Once Upon a Dream ("Maleficent")
47%
Demo (Hint: Chemtrails Track 4) - Pink Champagne (Let Me Love You Like a Woman)
47%
Unreleased 2010 Prom Song (Gone Wrong)
47%
Unreleased 2013 - Present Queen of Hearts
47%
Unreleased 2010 She's Not Me
47%
Features / Collabs 2024 Tough (with Quavo)
47%
Unreleased 2011 - 2012 TV In Black and White
47%
Soundtrack 2022 Watercolor Eyes ("Euphoria")
47%
Chemtrails Over the Country Club 5 Wild at Heart
47%
Sirens 12 Aviation
40%
Unreleased 2010 Butterflies, Pt. 1
40%
Unreleased 2011 - 2012 Butterflies, Pt. 2
40%
Unreleased 2010 Marilyn Monroe (Puppy Love)
40%
Demo March 2009 10 Elvis
40%
Blue Banisters 4 Interlude - The Trio
40%
No Kung Fu 3 Jimmy Gnecco
40%
No Kung Fu 4 Jump
40%
Lana Del Ray A.K.A. Lizzy Grant 6 Jump
40%
Unreleased 2010 Kinda Outta Luck
40%
Unreleased 2011 - 2012 Lake Placid (I Don't Wanna Go)
40%
Unreleased 2005 - 2009 Marilyn
40%
Sirens 4 My Momma
40%
Unreleased 2010 Never Let Me Go
40%
Lana Del Ray A.K.A. Lizzy Grant 3 Oh Say Can You See
40%
Unreleased 2011 - 2012 Paradise
40%
Lana Del Ray A.K.A. Lizzy Grant 8 Raise Me Up (Mississippi South)
40%
Unreleased 2011 - 2012 Ridin' (feat. A$AP Rocky)
40%
Unreleased 2010 Roses (feat. Theophilus London)
40%
Unreleased 2013 - Present Serene Queen
40%
Features / Collabs 2025 The Abyss (with The Weeknd)
40%
Violet Bent Backwards Over the Grass 3 Violet Bent Backwards Over the Grass
40%
Unreleased 2011 - 2012 80's Baby
33%
Sirens 3 A Star for Nick
33%
The Phenomena of Lizzy Grant 2 A Star For Nick
33%
Unreleased 2005 - 2009 Betty Boop Boop
33%
Sirens 15 Birds of a Feather
33%
Unreleased 2011 - 2012 Damn You
33%
Unreleased 2005 - 2009 Daytona Meth (Hollywood Movie)
33%
Unreleased 2010 Behind Closed Doors
33%
Unreleased 2010 Hey You
33%
Unreleased 2013 - Present Dragonslayer
33%
Unreleased 2011 - 2012 Dreamgirl
33%
Unreleased 2010 Dum Dum
33%
Unreleased 2011 - 2012 French Restaurant
33%
Unreleased 2005 - 2009 Heavy Hitter
33%
Unreleased 2011 - 2012 He Hits Me Because He Loves Me
33%
Unreleased 2010 Hit and Run
33%
Soundtrack 2014 I Can Fly ("Big Eyes")
33%
Demo March 2009 1 I Learned How to Make Love from the Movies
33%
Demo March 2009 6 Jesus is My Boyfriend
33%
Demo March 2009 9 Lemonade Motorcy (Dance for Money)
33%
Unreleased 2011 - 2012 Live or Die
33%
Unreleased 2013 - Present Madly
33%
Unreleased 2005 - 2009 Maha Maha
33%
Demo March 2009 3 Meth Love (Methamphetamines)
33%
Unreleased 2011 - 2012 Millionaire
33%
Unreleased 2005 - 2009 Motel 6 (Slow Gin Fizz)
33%
The Phenomena of Lizzy Grant 4 Munny Hunny
33%
Unreleased 2010 Other Woman
33%
Demo March 2009 8 Pin Up Galore (Roller Dirby)
33%
Sirens 11 Pretty Baby
33%
The Phenomena of Lizzy Grant 5 Rahab II
33%
Unreleased 2010 Resistance
33%
Unreleased 2005 - 2009 Spin Me Round
33%
Unreleased 2011 - 2012 Take Me to Paris
33%
Unreleased 2013 - Present Unidentified Flying Bill (feat. Barrie James O'Niell)
33%
Unreleased 2010 Us Against the World
33%
Demo March 2009 7 Waiema (Version 2)
33%
Unreleased 2005 - 2009 Wayamaya
33%
Demo March 2009 18 4th of July
27%
Unreleased 2013 - Present Angels Forever, Forever Angels
27%
Sirens 5 Bad Disease
27%
From the End 3 Bad Disease
27%
Unreleased 2005 - 2009 Ben
27%
Demo March 2009 5 Bikini Gold
27%
Young Like Me 1 Blizzard
27%
Covers (Hint: on her YouTube) 2013 Chelsea Hotel No. 2
27%
Unreleased 2010 Children of the Bad Revolution
27%
Demo March 2009 16 Coca Cola (My Song 57)
27%
Unreleased 2010 Coca Colla
27%
Unreleased 2013 - Present Come With Me
27%
Unreleased 2005 - 2009 Crooked Cop
27%
Unreleased 2013 - Present Cult Leader
27%
Unreleased 2010 Daddy Issues
27%
Sirens 7 Dear Elliot (Westbound)
27%
From the End 8 Dear Elliot (Westbound)
27%
Demo March 2009 14 Disco
27%
Unreleased 2010 Dynamite
27%
No Kung Fu 2 Get Drunk
27%
Unreleased 2005 - 2009 Heartshaped Chevrolet
27%
Unreleased 2011 - 2012 Hot Hot Hot
27%
Unreleased 2013 - Present I Must Be Stupid for Being So Happy
27%
Young Like Me 5 In Wendy
27%
Unreleased 2011 - 2012 JFK
27%
Violet Bent Backwards Over the Grass 1 LA Who Am I To Love You
27%
Unreleased 2005 - 2009 Live Forever (Golden Grill)
27%
Unreleased 2010 Making Out
27%
Unreleased 2010 Midnight Dancer Girlfriend
27%
Sirens 13 Move (Find My Own Way)
27%
Sirens 2 Next to Me (River Road)
27%
Unreleased 2010 On Our Way
27%
Unreleased 2010 Ooh Baby (Are You Ready)
27%
Unreleased 2010 Playground
27%
Features / Collabs 2015 Prisoner (with the Weeknd)
27%
Unreleased 2010 Push Me Down
27%
Unreleased 2013 - Present Roses Bloom for You
27%
Unreleased 2010 Scarface
27%
Soundtrack 2019 Season of the Witch ("Scary Stories to Tell in the Dark")
27%
Features / Collabs 2022 Snow On the Beach (with Taylor Swift)
27%
Unreleased 2011 - 2012 Starry Eyed
27%
LDR10 2025 Stars Fell on Alabama
27%
Singles 2023 Take Me Home, Country Roads
27%
Unreleased 2010 Tired of Singing the Blues
27%
From the End 5 Wait
27%
Unreleased 2005 - 2009 Wolf T-Shirt
27%
Soundtrack 2018 You Must Love Me ("Evita")
27%
LDR10 2025 57.5
20%
Unreleased 2010 Afraid
20%
Unreleased 2010 Bad Boy
20%
Violet Bent Backwards Over the Grass 14 Bare Feet On Linoleum
20%
Unreleased 2011 - 2012 Beautiful Player
20%
Unreleased 2011 - 2012 Because of You
20%
Soundtrack 2023 Blue Skies ("The New Look")
20%
Unreleased 2005 - 2009 Bollywood Hawaii (Maha Maha)
20%
Features / Collabs 2022 Buddy's Rendezvous (with Father John Misty)
20%
Unreleased 2011 - 2012 Connection
20%
Unreleased 2013 - Present Crazy for You
20%
Unreleased 2013 - Present Dark City
20%
Unreleased 2005 - 2009 Fordham Road
20%
Unreleased 2005 - 2009 Let My Hair Down
20%
Soundtrack 2019 Don't Call Me Angel ("Charlie's Angels")
20%
Unreleased 2011 - 2012 Fake Diamond
20%
From the End 4 For You
20%
Unreleased 2011 - 2012 Gangsta Boy
20%
Demo March 2009 2 Greenwich Acid
20%
Violet Bent Backwards Over the Grass 11 Happy
20%
Unreleased 2013 - Present Hey Blue Baby
20%
From the End 6 How Do You Know Me So Well? (I'm Indebted to You)
20%
Unreleased 2010 I Caught You Boy
20%
Unreleased 2010 Ice Cream
20%
Unreleased 2011 - 2012 Joshy & I
20%
Sirens 14 Junky Pride
20%
Unreleased 2011 - 2012 Last Girl On Earth
20%
Singles 2019 Looking for America
20%
Unreleased 2005 - 2009 Me & My Boyfriend
20%
Young Like Me 4 More Mountains
20%
Unreleased 2010 Noir
20%
Sirens 6 Out With a Bang
20%
From the End 1 Out With A Bang
20%
Sirens 9 Peace (All You Need)
20%
From the End 2 Peace (All You Need)
20%
Unreleased 2013 - Present Prettiest Girl in Country Music (feat. Nikki Lane)
20%
Unreleased 2005 - 2009 Put Your Lips Together
20%
Violet Bent Backwards Over the Grass 5 Salamander
20%
Unreleased 2005 - 2009 So Legit
20%
Demo March 2009 4 Star Lux
20%
Unreleased 2010 Summer of Sam
20%
Unreleased 2010 Television Heaven
20%
Unreleased 2011 - 2012 The Devil
20%
Sirens 8 Try Tonight
20%
From the End 7 Try Tonight
20%
Unreleased 2013 - Present Valley of the Dolls
20%
Unreleased 2005 - 2009 Vivian
20%
Features / Collabs 2018 Woman (with Cat Power)
20%
Unreleased 2013 - Present Won Me Over (feat. G-Eazy)
20%
Young Like Me 2 You, Mister
20%
Unreleased 2005 - 2009 Your Band Is All the Rage
20%
Unreleased 2013 - Present Zodiac (Purify Me)
20%
LDR10 (Snippet Only) 2025 All About Ethel
13%
Demo March 2009 11 Axl Rose Husband
13%
Unreleased 2010 Baby Blue Love
13%
Demo March 2009 19 Beach Boys
13%
Demo March 2009 15 Bentley
13%
Features / Collabs 2016 Big Spender (with Smiler)
13%
Unreleased 2010 Breaking My Heart
13%
Unreleased 2010 Criminals Run the World
13%
Unreleased 2005 - 2009 C U L8r Alligator
13%
Unreleased 2010 Delicious
13%
Unreleased 2005 - 2009 Catch and Release
13%
Unreleased 2010 Girl That Got Away
13%
Unreleased 2010 In the Sun
13%
Unreleased 2013 - Present Don't Stop
13%
Unreleased 2011 - 2012 Earthquakes
13%
Unreleased 2013 - Present Everything I Do
13%
Unreleased 2011 - 2012 Ghetto Baby
13%
Covers (Hint: BBC Performance) 2012 Goodbye Kiss (Live, BBC Radio 1 Live Lounge)
13%
Unreleased 2013 - Present Hangin' Around
13%
Features / Collabs 2023 Hollywood Bowl (with Rob Grant)
13%
Sirens 10 How Do You Know Me So Well? (I'm Indebted to You)
13%
Unreleased 2013 - Present If I Die Young
13%
Features / Collabs 2019 I'll Be Home For Christmas (with Kacey Musgraves)
13%
Soundtrack 2015 Life Is Beautiful ("Age of Adaline")
13%
Unreleased 2010 Lift Your Eyes
13%
Features / Collabs 2023 Lost at Sea (with Rob Grant)
13%
Unreleased 2010 Match Made in Heaven
13%
Unreleased 2005 - 2009 Moi Je Joue
13%
Violet Bent Backwards Over the Grass 6 Never to Heaven
13%
Unreleased 2013 - Present Numbness (feat. Mac Miller)
13%
Violet Bent Backwards Over the Grass 13 Paradise Is Very Fragile
13%
Unreleased 2013 - Present Poetry in Motion
13%
Unreleased 2010 Put the Radio On
13%
LDR10 2025 Quiet in the South
13%
Violet Bent Backwards Over the Grass 9 Quiet Waiter-Blue Forever
13%
The Phenomena of Lizzy Grant 1 Rahab
13%
Features / Collabs 2021 Riverside (with Barrie-James O'Niell)
13%
Unreleased 2005 - 2009 Roll with Me (On the Radio)
13%
Unreleased 2005 - 2009 Run Motorcycle
13%
Features / Collabs 2021 Secret Life (with Bleachers)
13%
Violet Bent Backwards Over the Grass 7 Sportcruiser
13%
LDR10 2025 Stand By Your Man
13%
Unreleased 2005 - 2009 Stoplight De-Lite
13%
Features / Collabs 2023 Suburban House (with Holly Macve)
13%
Unreleased 2005 - 2009 Super Movie
13%
Unreleased 2011 - 2012 Sweetheart
13%
Violet Bent Backwards Over the Grass 8 Tessa DiPietro
13%
Violet Bent Backwards Over the Grass 2 The Land of 1,000 Fires
13%
Unreleased 2013 - Present The Mirror
13%
Young Like Me 3 There's Nothing to Be Sorry About
13%
Unreleased 2010 True Love On the Side
13%
Violet Bent Backwards Over the Grass 10 What Happened When I Left You
13%
Soundtrack 2020 You'll Never Walk Alone ("The End of the Storm")
13%
Unreleased 2005 - 2009 All Smiles
7%
Features / Collabs 2023 Alma Mater (with Bleachers)
7%
Unreleased 2010 Backfire
7%
Demo March 2009 12 Bellvue
7%
Covers (Hint: BBC Performance) 2019 break up with your girlfriend, i'm bored (Live, BBC Radio 1 Live Lounge)
7%
Features / Collabs 2010 Chet Baker (with Mandio Diao)
7%
Unreleased 2005 - 2009 Come When You Call Me A.M.E.R.I.C.A.
7%
Features / Collabs 2012 Dayglo Reflection (with Bobby Womack)
7%
Unreleased 2010 I Was In A Bad Way
7%
Features / Collabs 2010 Gloria (with Mandio Diao)
7%
Features / Collabs 2020 Hallucinogenics (with Matt Maeson)
7%
Unreleased 2005 - 2009 Hawaiian Tropic
7%
Violet Bent Backwards Over the Grass 12 My Bedroom Is A Sacred Place Now - There Are Children At The Foot Of My Bed
7%
Unreleased 2010 My Best Days
7%
Violet Bent Backwards Over the Grass 4 Past The Bushes Cyprus Thriving
7%
Behind the Iron Gates - Insights from an Institution - Patent Leather Do-Over
7%
Unreleased 2005 - 2009 Strangelove
7%
Covers (Hint: NBC Performance) 2023 Unchained Melody (Live, NBC Christmas at Graceland)
7%
Features / Collabs 2014 Wait for Life (with Emile Haynie)
7%
Unreleased 2011 - 2012 What's a Girl To Do
7%
Unreleased 2011 - 2012 Wild One
7%
Features / Collabs 2018 God Save Our Young Blood (with BØRNS)
0%
Unreleased 2005 - 2009 Have a Baby
0%
Features / Collabs 2023 Life Lesson (with Jon Batiste)
0%
No matching quizzes found
Score Distribution
Percent of People with Each Score
Percentile by Number Answered
Your Score History
You have not taken this quiz since the last reset